Anl̀isis del Gasto Etiquetado para Mujeres y para Promover la Equidad de Gňero (Gemeg)...

Bibliographic Details
Format: eBook
Language:Spanish
Published: Ciudad de Mx̌ico: Cm̀ara de Diputados, 2008
Subjects:
Online Access:Acceso restringido

MARC

LEADER 00000nam a22000007a 4500
005 20170827223336.0
007 cr|||| ||||
008 170827s2008 mx |||||s||||f00||0 spa d
035 |a 20454 
040 |a vLex 
090 |c 6858  |d 6858 
245 0 0 |a Anl̀isis del Gasto Etiquetado para Mujeres y para Promover la Equidad de Gňero (Gemeg)...  |h [Recurso electrn̤ico] / 
256 |a Servicio en ln̕ea 
260 |a Ciudad de Mx̌ico:  |b Cm̀ara de Diputados,  |c 2008 
300 |a 1 recurso electrn̤ico 
500 |a en el Presupuesto de Egresos de la Federacin̤ (PEF). 
506 1 |a Disponible solo en los productos indicados  |d vLex Global  |d vLex Global (Academic Edition, excluding Law Schools)  |d vLex Global (U.S. Academic Edition, Law Schools)  |d vLex Global (U.S. Academic Edition, excluding Law Schools)  |d vLex Global (Academic Edition, Law Schools) 
650 0 4 |a Derecho Mercantil y de la Empresa  |z Mx̌ico 
650 0 4 |a Derecho Fiscal  |z Mx̌ico 
740 0 |a vLex Libros (Servicio en ln̕ea) 
856 4 0 |u http://vlex.com/source/analisis-del-gasto-etiquetado-para-mujeres-y-para-promover-la-equidad-de-genero-gemeg-en-el-presupuesto-de-egresos-de-la-federacion-pef--20454  |z Acceso restringido 
942 |c BOOK 
999 0 |a Commercial and Company Law 
999 0 |a Tax Law